000 01242nam a22002537a 4500
005 20240530110634.0
008 170918s2015 ua f b 000 0 ara d
017 _a2013/22089
_bمصر. دار الكتب
020 _a9789772122387
040 _aEG-CaGPL
_cEG-CaGPL
082 0 4 _221
_a953.0738\
_bت ف
100 0 _aتيسير محمد محمد شادى
245 1 2 _aالفساد فى الدولة الفاطمية :
_bسياسيا - اداريا - اجتماعيا - اقتصاديا /
_cتيسير محمد محمد شادى ؛ تقديم سحر السيد عبدالعزيز سالم
260 _aالاسكندرية :
_bمؤسسة شباب الجامعة ،
_c2015
300 _a487 ص. ؛
_c24 سم.
504 _aيشتمل على ارجاعات ببليوجرافية
650 0 7 _2qrmak
_aالفساد السياسى
_zالدولة الفاطمية
650 0 7 _2qrmak
_aالفساد الاجتماعى
_zالدولة الفاطمية
650 0 7 _2qrmak
_aالفساد الاقتصادى
_zالدولة الفاطمية
650 0 7 _2qrmak
_aالفساد الادارى
_zالدولة الفاطمية
651 0 7 _2qrmak
_aالدولة الفاطمية
942 _2ddc
_cBK
999 _c63307
_d63307